[Event "CAN-ch U08"]
[Site "Windsor"]
[Date "2010.07.09"]
[Round "7"]
[White "Yie, Kevin Yi Xiao"]
[Black "Su, Michael"]
[Result "0-1"]
[WhiteElo "1302"]
[BlackElo "1254"]
[PlyCount "104"]
[EventDate "2010.07.06"]
[EventType "swiss"]
[EventRounds "7"]
[EventCountry "CAN"]
[SourceTitle "EXT 2012"]
[Source "ChessBase"]
[SourceDate "2011.11.24"]
[SourceVersion "1"]
[SourceVersionDate "2011.11.24"]
[SourceQuality "1"]

1. e4 e6 2. d4 d5 3. e5 c5 4. c3 Nc6 5. Nf3 Qb6 6. Be2 cxd4 7. cxd4 Nge7 8. b3 Nf5 9. Bb2 Bb4+ 10. Kf1 0-0 11. a3 Be7 12. b4 a6 13. Bd3 Nh4 14. Nxh4 Bxh4 15. Qh5 h6 16. Qxh4 Na7 17. Qg3 a5 18. Bc1 Kh8 19. bxa5 Qxd4 20. Bxh6 gxh6 21. Qh3 Qf4 22. g4 Rg8 23. Rg1 Qc1+ 24. Ke2 Qb2+ 25. Nd2 Qxe5+ 26. Kf3 Qf6+ 27. Ke2 Kg7 28. g5 hxg5 29. f4 Kf8 30. fxg5 Rxg5 31. Rgf1 Qe5+ 32. Kf2 Qd4+ 33. Ke2 Re5+ 34. Ne4 dxe4 35. Qh8+ Ke7 36. Rxf7+ Kxf7 37. Rf1+ Ke7 38. Qf8+ Kd7 39. Rf7+ Kc6 40. Qe8+ Bd7 41. Qxd7+ Qxd7 42. Rxd7 Kxd7 43. Bc2 Rh8 44. Ba4+ b5 45. axb6+ Ke7 46. bxa7 Rxh2+ 47. Ke3 Ra5 48. a8Q Rxa8 49. Bc6 Rxa3+ 50. Kxe4 Rh4+ 51. Ke5 Ra5+ 52. Bd5 Rxd5# 0-1

[Event "CAN-ch U08"]
[Site "Windsor"]
[Date "2010.07.06"]
[Round "2"]
[White "Su, Michael"]
[Black "Talukdar, Rohan Shyam"]
[Result "1-0"]
[WhiteElo "1254"]
[BlackElo "1178"]
[PlyCount "75"]
[EventDate "2010.07.06"]
[EventType "swiss"]
[EventRounds "7"]
[EventCountry "CAN"]
[SourceTitle "EXT 2012"]
[Source "ChessBase"]
[SourceDate "2011.11.24"]
[SourceVersion "1"]
[SourceVersionDate "2011.11.24"]
[SourceQuality "1"]

1. e4 e5 2. Nf3 Nc6 3. d4 d6 4. Bb5 Bd7 5. d5 Nce7 6. Bxd7+ Qxd7 7. Nc3 Nf6 8. Bg5 h6 9. Be3 b6 10. Qd3 Ng4 11. Bd2 Ng6 12. h3 Nf6 13. Qc4 b5 14. Nxb5 Kd8 15. Ba5 Ne8 16. 0-0 a6 17. Na3 Rb8 18. Rab1 Rc8 19. Qxa6 Be7 20. Nb5 h5 21. Na7 Ra8 22. Nc6+ Qxc6 23. Qxc6 Rxa5 24. Rfd1 Rc5 25. Qa8+ Kd7 26. Qa4+ Kd8 27. Rd3 Kc8 28. Rc1 Nf4 29. Re3 g5 30. Qa6+ Kd7 31. b4 Rc3 32. Rxc3 Ne2+ 33. Qxe2 h4 34. Qb5+ Kd8 35. Ra3 c5 36. dxc6 Kc7 37. Qb7+ Kd8 38. Qd7# 1-0